00992nam a2200217 a 450000100100000000500170001000800410002704000250006808200210009310000220011424500750013626000370021130000280024859000260027670000360030270000410033895201340037995201190051395201250063299900170075700004707120201002053333.0180412s2004 dr a r 000 0 spa d aDO-SdBNPbspacBNPHU axxxxbA185e 3ro.1 .Acosta, Nelgia A.10aEducación artística 3 :beducación básica /cNelgia A. Acosta. aSanto Domingo :bSusaeta,c2004. a112 p. :bil. ;c21 cm. aInventariado, 2018/BT1 aMartínez, Julio César912631 aMartínez, Julio Césareil.91263 001054708DSaGRbGRcHDd2018-04-12iLF1l0oxxxx A185e 3ro.p47071-30r2020-06-25te. 3w2020-06-25yLFDSZPréstamo en sala 0010718PDaPDbPDcHDd2018-04-12iLF1l0oxxxx A185e 3ro.p47071-10r2020-06-25w2020-06-25yLFPDZNo se presta 0010718PDaPDbPDcHDd2018-04-12iLF1l0oxxxx A185e 3ro.p47071-20r2020-06-25te. 2w2020-06-25yLFPDZNo se presta c46559d46559